| 000 | 00495nam a2200169 i 4500 | ||
|---|---|---|---|
| 001 | 32706 | ||
| 003 | ES-MaACL | ||
| 005 | 20230906154624.0 | ||
| 007 | t| | ||
| 008 | 030131s1971 sp ||||1| spa d | ||
| 100 | 1 |
_aBerthier, René. _928450 |
|
| 245 | 1 | 3 |
_aJuventud de la fé / _cRené Berthier ; [versión... por J.M. Rotaeche]. |
| 260 |
_aBilbao : _bMensajero, _c[1971] |
||
| 300 |
_a185 p. ; _c19 cm. |
||
| 700 | 1 |
_aRotaeche, José María de. _999934 |
|
| 852 |
_aES-MaACL _jC-48116 _bR.77387 |
||
| 999 |
_c32706 _d32706 |
||